[Event "26th EUR-ch"]
[Site "Katowice POL"]
[Date "2026.04.19"]
[Round "11.6"]
[White "Malek, Jan"]
[Black "Lagarde, Maxime"]
[Result "1/2-1/2"]
[WhiteElo "2533"]
[BlackElo "2621"]
[EventDate "2026.04.07"]
[PlyCount "112"]

1.c4 Nf6 2.Nc3 c5 3.Nf3 d5 4.cxd5 Nxd5 5.e4 Nb4 6.Bc4 Nd3+ 7.Ke2 Nf4+ 8.
Kf1 Ne6 9.h4 Nc6 10.d3 h5 11.Be3 g6 12.Bxe6 Bxe6 13.d4 cxd4 14.Nxd4 Bg7 
15.Nxe6 Qxd1+ 16.Rxd1 fxe6 17.Ke2 Bxc3 18.bxc3 Rc8 19.f3 Rc7 20.Bf4 e5 21.
Bg3 Kf7 22.Rd5 b6 23.Rxe5 Nxe5 24.Bxe5 Rhc8 25.Bxc7 Rxc7 26.Kd3 e5 27.g4 
Rd7+ 28.Ke2 Rc7 29.Kd3 Rd7+ 30.Kc2 Ke6 31.gxh5 gxh5 32.Rg1 Rf7 33.Rg6+ Kd7
34.Rg3 Rf4 35.Rg7+ Kd6 36.Rxa7 Rxf3 37.Rb7 Kc6 38.Rh7 Rf4 39.Rxh5 Rxe4 40.
Kd3 Rg4 41.Rxe5 Rxh4 42.Kc2 Rh6 43.a4 Rg6 44.Kb3 Rh6 45.Kb4 Rg6 46.c4 Rg1 
47.a5 Rb1+ 48.Kc3 bxa5 49.Rxa5 Rc1+ 50.Kb3 Rb1+ 51.Kc2 Rg1 52.Rd5 Rg3 53.
Rd3 Rxd3 54.Kxd3 Kc5 55.Kc3 Kc6 56.c5 Kxc5 1/2-1/2

[Event "26th EUR-ch"]
[Site "Katowice POL"]
[Date "2026.04.19"]
[Round "11.7"]
[White "Dudin, Gleb"]
[Black "Martirosian, Haik"]
[Result "1/2-1/2"]
[WhiteElo "2566"]
[BlackElo "2633"]
[EventDate "2026.04.07"]
[PlyCount "25"]

1.d4 Nf6 2.c4 e6 3.Nf3 d5 4.Nc3 Nbd7 5.cxd5 exd5 6.Bg5 h6 7.Bh4 c6 8.Qc2 
Be7 9.e3 O-O 10.Bd3 Re8 11.O-O Ne4 12.Bxe4 Bxh4 13.Bh7+ 1/2-1/2

[Event "26th EUR-ch"]
[Site "Katowice POL"]
[Date "2026.04.19"]
[Round "11.8"]
[White "Sokolovsky, Yahli"]
[Black "Kovalenko, Igor"]
[Result "1/2-1/2"]
[WhiteElo "2559"]
[BlackElo "2685"]
[EventDate "2026.04.07"]
[PlyCount "157"]

1.e4 e6 2.d4 d5 3.Nd2 c5 4.exd5 exd5 5.Ngf3 Nc6 6.Bb5 Bd6 7.dxc5 Bxc5 8.
O-O Ne7 9.c3 O-O 10.Bd3 Ng6 11.Nb3 Bb6 12.Re1 Bg4 13.h3 Bxf3 14.Qxf3 Nce5 
15.Qd1 Qf6 16.Nd4 Bxd4 17.cxd4 Nxd3 18.Qxd3 Rac8 19.Bd2 Rc4 20.Bc3 Qg5 21.
Rad1 h6 22.a3 Rd8 23.Bd2 Qf6 24.Bc3 Rc6 25.Re3 Nf4 26.Qf1 Re6 27.Rxe6 Nxe6
28.Re1 a6 29.Re5 Nf4 30.Qd1 Ng6 31.Re3 Qc6 32.Qe2 Kh7 33.Qf3 Qd7 34.Re1 
Rc8 35.Qg4 Rc7 36.Qxd7 Rxd7 37.Re8 Nf4 38.h4 h5 39.f3 Ne6 40.Kf2 g6 41.Rb8
Kg7 42.Ke3 Nd8 43.Bb4 Kf6 44.Bc5 Kf5 45.b4 f6 46.a4 g5 47.hxg5 fxg5 48.b5 
axb5 49.axb5 h4 50.b6 Kf6 51.Kf2 Ne6 52.Re8 Kf7 53.Rb8 Kg6 54.Rg8+ Kf5 55.
Re8 Kf6 56.Rh8 Rg7 57.g3 hxg3+ 58.Kxg3 Kf5 59.Rh6 Rd7 60.Rh8 Rf7 61.Rh1 
Nf4 62.Kf2 Kg6 63.Bd6 Nd3+ 64.Ke2 Nb2 65.Rh8 Nc4 66.Bc7 Rf6 67.Rd8 Re6+ 
68.Kf2 Nxb6 69.Bxb6 Rxb6 70.Rxd5 Rb2+ 71.Ke3 b5 72.Rd6+ Kf5 73.Rd5+ Kf6 
74.Ke4 Re2+ 75.Kd3 Rf2 76.Ke3 Rb2 77.Rd6+ Kf5 78.Rd5+ Kf6 79.Rd6+ 1/2-1/2

[Event "26th EUR-ch"]
[Site "Katowice POL"]
[Date "2026.04.19"]
[Round "11.9"]
[White "Razafindratsima, Timothe"]
[Black "Bjerre, Jonas Buhl"]
[Result "0-1"]
[WhiteElo "2537"]
[BlackElo "2623"]
[EventDate "2026.04.07"]
[PlyCount "66"]

1.e4 c5 2.Nf3 d6 3.d4 cxd4 4.Nxd4 Nf6 5.Nc3 a6 6.Bg5 Nbd7 7.Bc4 e6 8.Qe2 
h6 9.Bxf6 Qxf6 10.O-O-O b5 11.Bd5 Ra7 12.Kb1 Rc7 13.f4 b4 14.e5 dxe5 15.
Ne4 Qg6 16.f5 exf5 17.Nxf5 Qxf5 18.Rhf1 Qg6 19.Bxf7+ Qxf7 20.Rxf7 Kxf7 21.
Qh5+ g6 22.Rf1+ Kg7 23.Qf3 Rg8 24.Qf7+ Kh8 25.Nf6 Rg7 26.Qe8 Re7 27.Qxg6 
Nxf6 28.Qxf6+ Bg7 29.Qf2 Be6 30.Qb6 Rf7 31.Rc1 Bf5 32.Qxa6 Rf6 33.Qb5 Rfc6
0-1

[Event "26th EUR-ch"]
[Site "Katowice POL"]
[Date "2026.04.19"]
[Round "11.10"]
[White "Meshkovs, Nikita"]
[Black "Hovhannisian, Robert"]
[Result "0-1"]
[WhiteElo "2532"]
[BlackElo "2621"]
[EventDate "2026.04.07"]
[PlyCount "131"]

1.d4 d5 2.Nf3 Nf6 3.c4 e6 4.Nc3 c5 5.cxd5 cxd4 6.Qxd4 exd5 7.Bg5 Be7 8.e3 
O-O 9.Rd1 Be6 10.Be2 Nc6 11.Qa4 h6 12.Bh4 Qb6 13.Qb5 Qxb5 14.Bxb5 Rfd8 15.
O-O g5 16.Bg3 Nh5 17.Ne2 Rac8 18.Ned4 Nxg3 19.hxg3 Bf6 20.Bxc6 bxc6 21.b4 
c5 22.bxc5 Rxc5 23.Rd2 Rb8 24.Nb3 Rc4 25.Nfd4 Rb6 26.f3 h5 27.Kf2 Kg7 28.
Rfd1 Kg6 29.Rd3 Bd7 30.R1d2 Bc8 31.Ne2 Be6 32.Nbd4 a5 33.Rb3 Rcb4 34.Rdb2 
Be7 35.Nc3 Bc5 36.Rxb4 Rxb4 37.Rxb4 axb4 38.Nce2 Bc8 39.Nc6 Kf6 40.Nc1 Bb7
41.Nd4 Bxd4 42.exd4 Ba6 43.g4 hxg4 44.fxg4 Ke7 45.Ke3 Kd6 46.Kd2 Bf1 47.g3
Kc6 48.Nb3 Bh3 49.Na1 Kb5 50.Nc2 Kc4 51.Ne3+ Kxd4 52.Nf5+ Ke5 53.Ne7 Kd6 
54.Nf5+ Kc5 55.Nh6 f6 56.Ng8 Bxg4 57.Nxf6 Bf5 58.g4 Bb1 59.Kc1 Bg6 60.Kb2 
Kd6 61.Kb3 Ke6 62.Ng8 Kf7 63.Nh6+ Kg7 64.Kxb4 Kxh6 65.Kc5 Be8 66.Kd4 0-1

[Event "26th EUR-ch"]
[Site "Katowice POL"]
[Date "2026.04.19"]
[Round "11.11"]
[White "Ivanchuk, Vasyl"]
[Black "Subelj, Jan"]
[Result "1/2-1/2"]
[WhiteElo "2621"]
[BlackElo "2543"]
[EventDate "2026.04.07"]
[PlyCount "86"]

1.e4 e5 2.Nf3 Nc6 3.Bb5 a6 4.Ba4 Nf6 5.O-O Be7 6.Re1 b5 7.Bb3 O-O 8.d4 d6 
9.c3 Bg4 10.a4 Bxf3 11.gxf3 Na5 12.Ba2 c5 13.Na3 exd4 14.cxd4 c4 15.Be3 d5
16.axb5 Bxa3 17.bxa3 dxe4 18.b6 Qxb6 19.d5 Qd6 20.Bd2 Qxd5 21.fxe4 Qe5 22.
Qf3 Rad8 23.Bc3 Qg5+ 24.Qg3 Qxg3+ 25.hxg3 Nb3 26.Bxb3 cxb3 27.Bxf6 gxf6 
28.Re3 b2 29.Rb1 Rd2 30.Rb3 Re8 31.f3 f5 32.R1xb2 Rxb2 33.Rxb2 fxe4 34.Rb6
exf3 35.Rxa6 Re2 36.a4 Kg7 37.a5 Ra2 38.Rb6 Rxa5 39.Rb3 Rf5 40.Kf2 Kf6 41.
Rb4 Kg5 42.Ra4 Rf6 43.Rb4 Rf5 1/2-1/2

[Event "26th EUR-ch"]
[Site "Katowice POL"]
[Date "2026.04.19"]
[Round "11.12"]
[White "Mastrovasilis, Dimitrios"]
[Black "Indjic, Aleksandar"]
[Result "1/2-1/2"]
[WhiteElo "2526"]
[BlackElo "2616"]
[EventDate "2026.04.07"]
[PlyCount "86"]

1.e4 c5 2.Nf3 d6 3.d4 Nf6 4.Nc3 cxd4 5.Nxd4 a6 6.Be2 g6 7.Be3 Bg7 8.Qd2 h5
9.f3 Nc6 10.Rd1 Bd7 11.O-O O-O 12.Nd5 b5 13.Rfe1 Rc8 14.c3 Rb8 15.Bf1 Re8 
16.Qf2 Qc8 17.Kh1 Qb7 18.Ne2 a5 19.Nef4 b4 20.c4 Nh7 21.Nb6 Nf8 22.c5 dxc5
23.Na4 e5 24.Nd5 Ne6 25.Nxc5 Nxc5 26.Bxc5 Be6 27.Qh4 Bxd5 28.Rxd5 Rbc8 29.
b3 Red8 30.Red1 Rxd5 31.Rxd5 Nd4 32.Rd8+ Kh7 33.Rxc8 Qxc8 34.Qe7 Ne6 35.
Bg1 Qc1 36.Qxf7 Qxf1 37.Qxe6 Qe2 38.h3 Qxa2 39.Bc5 a4 40.Bxb4 axb3 41.Qf7 
Qc2 42.Kh2 Kh8 43.Qe8+ Kh7 1/2-1/2

[Event "26th EUR-ch"]
[Site "Katowice POL"]
[Date "2026.04.19"]
[Round "11.13"]
[White "Kadric, Denis"]
[Black "Santos Latasa, Jaime"]
[Result "0-1"]
[WhiteElo "2523"]
[BlackElo "2610"]
[EventDate "2026.04.07"]
[PlyCount "68"]

1.e4 e5 2.Nf3 Nc6 3.Bc4 Bc5 4.c3 Nf6 5.d3 d6 6.O-O a5 7.Re1 O-O 8.d4 Ba7 
9.h3 h6 10.Be3 Nxe4 11.d5 Bxe3 12.Rxe3 Nxf2 13.Kxf2 Ne7 14.a4 c6 15.Re2 
Qb6+ 16.Kf1 Qc5 17.Na3 cxd5 18.Bb5 f5 19.c4 f4 20.cxd5 Nf5 21.Rc1 Ng3+ 22.
Ke1 Qb6 23.Nc4 Qd8 24.Kd2 e4 25.Nd4 Qg5 26.Nb6 f3+ 27.Re3 fxg2 28.Qg1 Bxh3
29.Ne6 Qe5 30.Nxa8 Qxb2+ 31.Rc2 Nf1+ 32.Bxf1 gxf1=N+ 33.Kd1 Qb1+ 34.Rc1 
Nxe3+ 0-1

[Event "26th EUR-ch"]
[Site "Katowice POL"]
[Date "2026.04.19"]
[Round "11.14"]
[White "Maurizzi, Marc`Andria"]
[Black "Seemann, Jakub"]
[Result "1-0"]
[WhiteElo "2608"]
[BlackElo "2545"]
[EventDate "2026.04.07"]
[PlyCount "105"]

1.e4 c6 2.d4 d5 3.e5 Bf5 4.Bd3 Bxd3 5.Qxd3 e6 6.Ne2 c5 7.c3 Nc6 8.O-O Qb6 
9.a3 Qa6 10.Qd1 Nge7 11.dxc5 Nxe5 12.b4 b6 13.cxb6 axb6 14.a4 Nf5 15.Na3 
Bd6 16.Nd4 Nxd4 17.cxd4 Nc4 18.Qg4 g6 19.Nb5 Qxb5 20.axb5 Rxa1 21.Bh6 
Rxf1+ 22.Kxf1 Kd7 23.Qh3 Ra8 24.g4 Ra3 25.Qg2 Rd3 26.Bg5 Bxb4 27.Ke2 Ra3 
28.Qg1 Ra2+ 29.Kf3 e5 30.Qb1 Rb2 31.Qa1 e4+ 32.Kg2 Ba5 33.Qc1 Bd2 34.Bxd2 
Rxd2 35.Kg3 Rxd4 36.Qh6 Rd3+ 37.Kg2 Ke6 38.Qxh7 Ne5 39.Qh8 Nf3 40.h4 Rd1 
41.Kg3 Rh1 42.Qd8 Ke5 43.Qc7+ Kf6 44.Qxb6+ Kg7 45.g5 Nxh4 46.Qf6+ Kg8 47.
b6 Nf5+ 48.Kf4 Rb1 49.Qd8+ Kg7 50.Qc7 e3 51.fxe3 Rb4+ 52.Kf3 d4 53.b7 1-0

[Event "26th EUR-ch"]
[Site "Katowice POL"]
[Date "2026.04.19"]
[Round "11.15"]
[White "Stefansson, Vignir Vatnar"]
[Black "Rodshtein, Maxim"]
[Result "1-0"]
[WhiteElo "2512"]
[BlackElo "2598"]
[EventDate "2026.04.07"]
[PlyCount "79"]

1.d4 Nf6 2.Nf3 e6 3.c4 d5 4.Nc3 c6 5.Bg5 h6 6.Bxf6 Qxf6 7.a3 dxc4 8.e3 b5 
9.Ne5 Bd6 10.Ne4 Qe7 11.Qh5 Bc7 12.g4 Bb7 13.Bg2 g6 14.Qh3 Na6 15.O-O h5 
16.a4 O-O-O 17.g5 Bxe5 18.dxe5 Nc5 19.Nd6+ Kb8 20.axb5 cxb5 21.Ra5 Rxd6 
22.exd6 Qd7 23.Qg3 a6 24.Bxb7 Kxb7 25.Qf3+ Kb6 26.Raa1 e5 27.Rfd1 Rd8 28.
h3 Qe6 29.e4 Nd3 30.Qe3+ Kb7 31.Rxa6 Rxd6 32.Qa7+ Kc8 33.Qa8+ Kc7 34.Ra7+ 
Kb6 35.Rb7+ Kc5 36.Qa7+ Rb6 37.Rc7+ Kd4 38.Rb7 Kc5 39.b4+ Kxb4 40.Qxb6 1-0

[Event "26th EUR-ch"]
[Site "Katowice POL"]
[Date "2026.04.19"]
[Round "11.16"]
[White "Dardha, Daniel"]
[Black "Gokerkan, Cem Kaan"]
[Result "1-0"]
[WhiteElo "2596"]
[BlackElo "2501"]
[EventDate "2026.04.07"]
[PlyCount "125"]

1.d4 Nf6 2.c4 e6 3.Nc3 Bb4 4.e3 O-O 5.Bd3 d5 6.a3 Bxc3+ 7.bxc3 dxc4 8.Bxc4
c5 9.Bd3 Qc7 10.Bb2 b5 11.Qe2 Bb7 12.e4 c4 13.Bc2 e5 14.d5 a5 15.Nf3 Nbd7 
16.O-O Ne8 17.Bc1 Ba6 18.Be3 Nd6 19.Nd2 Rfe8 20.f4 f6 21.Nf3 Nf7 22.fxe5 
Nfxe5 23.Nd4 Nc5 24.Nf5 Ncd3 25.Bd4 Bc8 26.d6 Qd8 27.Ne7+ Kh8 28.Qh5 Bg4 
29.Qh4 Qxd6 30.Nd5 Be2 31.Nxf6 gxf6 32.Rxf6 Re6 33.Rf5 Rae8 34.Qg3 Rg6 35.
Qe3 Bg4 36.Bxd3 Bxf5 37.exf5 Rg7 38.Be4 b4 39.axb4 axb4 40.cxb4 Kg8 41.Bc3
Rg4 42.f6 Nf7 43.Bxh7+ Kf8 44.Qh3 Rg5 45.Qf3 Ne5 46.Qf4 Qd5 47.Be4 Nd3 48.
Qh4 Rxe4 49.Qh6+ Kg8 50.f7+ Kxf7 51.Ra7+ Ke8 52.Qh8+ Rg8 53.Ra8+ Kd7 54.
Rxg8 Kc6 55.h4 Nf4 56.b5+ Kb6 57.Rb8+ Ka7 58.b6+ Ka6 59.Ra8+ Kxb6 60.Qb8+ 
Kc6 61.Qc8+ Kd6 62.Qd8+ Kc6 63.Ra6+ 1-0

[Event "26th EUR-ch"]
[Site "Katowice POL"]
[Date "2026.04.19"]
[Round "11.17"]
[White "Levin, Guy"]
[Black "Gumularz, Szymon"]
[Result "1/2-1/2"]
[WhiteElo "2462"]
[BlackElo "2590"]
[EventDate "2026.04.07"]
[PlyCount "144"]

1.Nf3 Nf6 2.g3 b5 3.Bg2 Bb7 4.O-O c5 5.d3 g6 6.e4 d6 7.a4 b4 8.Nbd2 Bg7 9.
Nc4 O-O 10.Re1 e5 11.c3 Nc6 12.Bg5 h6 13.Bd2 a5 14.Qb3 Rb8 15.Rad1 Bc8 16.
Qc2 Be6 17.Qc1 Kh7 18.Nh4 Re8 19.Rf1 d5 20.exd5 Bxd5 21.Be3 Bxg2 22.Nxg2 
Qd5 23.f3 Nd7 24.Qc2 f5 25.Qe2 Nb6 26.Nxb6 Rxb6 27.Bf2 Rbb8 28.g4 bxc3 29.
bxc3 Rb3 30.Ne3 Qe6 31.Rc1 e4 32.gxf5 gxf5 33.fxe4 fxe4 34.Ng2 Qg6 35.dxe4
Rxe4 36.Qd1 Rb2 37.Rc2 Rxc2 38.Qxc2 Rc4 39.Qxg6+ Kxg6 40.Rb1 Ne5 41.Rb6+ 
Kh7 42.Ne3 Rxa4 43.Nf5 Nd3 44.Be3 Bxc3 45.h4 h5 46.Rb7+ Kg8 47.Bg5 Ne5 48.
Kf1 Ra1+ 49.Kg2 Ra2+ 50.Kf1 Bd4 51.Be3 Bxe3 52.Nxe3 a4 53.Re7 Ng4 54.Nd5 
a3 55.Ra7 Kf8 56.Nc3 Ne3+ 57.Kg1 Ra1+ 58.Kf2 Nc4 59.Ra4 Nb2 60.Ra5 Ke7 61.
Ke2 c4 62.Rxh5 Rc1 63.Kd2 Rh1 64.Ra5 Rh2+ 65.Ke3 Rh3+ 66.Kd2 Rxh4 67.Rxa3 
Rh2+ 68.Ke3 Kd6 69.Ra5 Kc6 70.Rf5 Rc2 71.Ne4 Nd3 72.Kd4 Kb6 1/2-1/2

[Event "26th EUR-ch"]
[Site "Katowice POL"]
[Date "2026.04.19"]
[Round "11.18"]
[White "Schoppen, Casper"]
[Black "Klimkowski, Jan"]
[Result "1/2-1/2"]
[WhiteElo "2588"]
[BlackElo "2498"]
[EventDate "2026.04.07"]
[PlyCount "116"]

1.Nf3 d5 2.g3 Nf6 3.Bg2 e6 4.O-O c5 5.d4 cxd4 6.Nxd4 e5 7.Nb3 Be6 8.Nc3 
Be7 9.f4 exf4 10.gxf4 g6 11.Nd4 Bc5 12.Kh1 Bxd4 13.Qxd4 Nc6 14.Qc5 Rc8 15.
Nb5 Qe7 16.Nd6+ Kd7 17.Nxb7 Rc7 18.f5 gxf5 19.Bg5 Rxb7 20.Qc3 Ne4 21.Bxe7 
Nxc3 22.Bf6 Rc8 23.Bxc3 Nb4 24.Rfc1 Rb5 25.e3 d4 26.Bxb4 Rxb4 27.exd4 Rxd4
28.c3 Rd6 29.Rd1 Ke7 30.Rxd6 Kxd6 31.Kg1 Kc5 32.Rd1 a5 33.Kf2 Rb8 34.Rd2 
a4 35.a3 Kc4 36.Bf3 Kb3 37.Bd1+ Ka2 38.b3+ Kxa3 39.bxa4 Rc8 40.Rd3 Bc4 41.
Rh3 Rd8 42.Rh4 Rxd1 43.Rxc4 Kb3 44.Rc7 Ra1 45.Rxf7 Rxa4 46.Rxh7 Kxc3 47.
Kf3 Ra1 48.Kf4 Rf1+ 49.Ke5 Kc4 50.Rc7+ Kd3 51.Ra7 f4 52.Ra3+ Kc4 53.Ra2 f3
54.Ke4 f2 55.Kf3 Kd5 56.Kg2 Rg1+ 57.Kxf2 Rg6 58.Re2 Re6 1/2-1/2

[Event "26th EUR-ch"]
[Site "Katowice POL"]
[Date "2026.04.19"]
[Round "11.19"]
[White "Aizenberg, Benny"]
[Black "Amar, Elham"]
[Result "0-1"]
[WhiteElo "2451"]
[BlackElo "2586"]
[EventDate "2026.04.07"]
[PlyCount "106"]

1.e4 c5 2.Nf3 e6 3.d4 cxd4 4.Nxd4 Nc6 5.Nc3 Qc7 6.Be3 a6 7.g4 Nxd4 8.Qxd4 
b5 9.O-O-O Bb7 10.a3 Rc8 11.Kb1 Nf6 12.f3 h6 13.g5 hxg5 14.Bxg5 Be7 15.h4 
d5 16.Bh3 dxe4 17.fxe4 Bc5 18.Qd3 b4 19.axb4 Bxb4 20.Bxf6 gxf6 21.Nd5 exd5
22.Bxc8 Bxc8 23.exd5 Bd6 24.h5 Be5 25.h6 Qb6 26.c3 Bg4 27.Rde1 Kf8 28.Qe4 
Bd7 29.h7 a5 30.Rhg1 Qf2 31.Ref1 Qh2 32.Rh1 Qg3 33.Ka2 Bb5 34.c4 Ba4 35.
Qf3 Qxf3 36.Rxf3 Bc2 37.Rc1 Be4 38.Ra3 Rxh7 39.Rxa5 Rh2 40.Rb5 f5 41.Rb6 
Rd2 42.Re1 Bg3 43.Rg1 f4 44.d6 Ke8 45.c5 f3 46.Rxg3 f2 47.Rg5 Bb1+ 48.Ka3 
f1=Q 49.Re5+ Kf8 50.c6 Qd3+ 51.Ka4 Qd4+ 52.Rb4 Bc2+ 53.b3 Bxb3+ 0-1

[Event "26th EUR-ch"]
[Site "Katowice POL"]
[Date "2026.04.19"]
[Round "11.20"]
[White "Pichot, Alan"]
[Black "Bazakutsa, Svyatoslav"]
[Result "1/2-1/2"]
[WhiteElo "2581"]
[BlackElo "2477"]
[EventDate "2026.04.07"]
[PlyCount "93"]

1.e4 c5 2.Nf3 Nc6 3.Bb5 e6 4.O-O Nge7 5.d4 cxd4 6.Nxd4 Ng6 7.Be2 Be7 8.c4 
Nxd4 9.Qxd4 O-O 10.Nc3 b6 11.Rd1 Bc5 12.Qd3 Qf6 13.Be3 d6 14.Bd4 Qg5 15.
Qg3 h6 16.a3 Nf4 17.Bf1 e5 18.Be3 Qxg3 19.hxg3 Ne6 20.Bd2 a5 21.Nb5 Ba6 
22.Nc3 Bb7 23.Nd5 a4 24.Nc3 Nd4 25.Rab1 Nb3 26.Be1 Bd4 27.Bd3 Nc5 28.Bc2 
Bxc3 29.bxc3 Bxe4 30.Bxe4 Nxe4 31.f3 Nc5 32.Rxb6 Rfc8 33.Rdxd6 Nb3 34.Rb4 
Na5 35.c5 Rxc5 36.Rxa4 Rcc8 37.Bf2 Nb3 38.Rda6 Rxa6 39.Rxa6 Rxc3 40.Ra8+ 
Kh7 41.a4 Nd4 42.a5 Rc1+ 43.Kh2 Rc2 44.Bxd4 exd4 45.Rd8 Ra2 46.Rxd4 Rxa5 
47.g4 1/2-1/2

[Event "26th EUR-ch"]
[Site "Katowice POL"]
[Date "2026.04.19"]
[Round "11.21"]
[White "Iturrizaga Bonelli, Eduardo"]
[Black "Haring, Filip"]
[Result "1-0"]
[WhiteElo "2575"]
[BlackElo "2461"]
[EventDate "2026.04.07"]
[PlyCount "65"]

1.d4 Nf6 2.c4 e6 3.Nf3 Bb4+ 4.Nbd2 d5 5.a3 Be7 6.e3 O-O 7.Bd3 b6 8.O-O Bb7
9.Qe2 Nbd7 10.b3 c5 11.Bb2 Rc8 12.Rac1 dxc4 13.bxc4 Qc7 14.Ng5 cxd4 15.
exd4 Qf4 16.Nh3 Qh4 17.f4 Bd6 18.Nf3 Qh5 19.Qe1 Rfd8 20.Ne5 Nc5 21.Bc2 Ng4
22.Qg3 f5 23.Nxg4 Qxg4 24.dxc5 Bxc5+ 25.Nf2 Qxg3 26.hxg3 Rd2 27.Bc3 Re2 
28.Bd3 Ra2 29.Ra1 Rd8 30.Rxa2 Rxd3 31.Bb4 Rxg3 32.Rd1 Rxg2+ 33.Kf1 1-0

[Event "26th EUR-ch"]
[Site "Katowice POL"]
[Date "2026.04.19"]
[Round "11.22"]
[White "Ghimpu, Samuel-Timotei"]
[Black "Kazakouski, Valery"]
[Result "0-1"]
[WhiteElo "2443"]
[BlackElo "2572"]
[EventDate "2026.04.07"]
[PlyCount "78"]

1.e4 c5 2.Nf3 d6 3.d4 cxd4 4.Qxd4 Nc6 5.Qd3 Nf6 6.Nc3 a6 7.Nd5 Nd7 8.c4 e6
9.Nc3 Be7 10.Be3 O-O 11.Be2 b6 12.O-O Bb7 13.Nd4 Nce5 14.Qd2 Rc8 15.b3 Nf6
16.f3 Re8 17.Rfd1 Qc7 18.Rac1 h5 19.Bf1 Qb8 20.Qf2 d5 21.h3 dxe4 22.f4 Ng6
23.Nde2 Bc5 24.g3 e5 25.f5 Ne7 26.Bg2 Bxe3 27.Qxe3 Nxf5 28.Qxb6 Nd4 29.
Nxd4 exd4 30.Ne2 d3 31.Nf4 h4 32.Qe3 hxg3 33.Qxg3 Rc5 34.Qe3 Rf5 35.Rf1 
Bc8 36.Rf2 Qe5 37.Bf1 g5 38.Ng2 Rxf2 39.Kxf2 Bxh3 0-1

[Event "26th EUR-ch"]
[Site "Katowice POL"]
[Date "2026.04.19"]
[Round "11.23"]
[White "Finek, Vaclav"]
[Black "Davtian, Arsen"]
[Result "0-1"]
[WhiteElo "2571"]
[BlackElo "2430"]
[EventDate "2026.04.07"]
[PlyCount "98"]

1.d4 d5 2.c4 e6 3.Nc3 c6 4.e3 Nf6 5.b3 Nbd7 6.Bb2 Bd6 7.Bd3 O-O 8.Nge2 b6 
9.Ng3 Bb7 10.O-O c5 11.cxd5 exd5 12.Nf5 Bb8 13.Qf3 Re8 14.Rad1 g6 15.Ng3 
a6 16.Bb1 Bd6 17.Nge2 Qc7 18.Qh3 Rad8 19.f4 Bf8 20.Rf3 Bg7 21.g4 b5 22.g5 
Nh5 23.a3 b4 24.axb4 cxb4 25.Na4 Bc6 26.f5 Bxa4 27.bxa4 Nb6 28.f6 Bf8 29.
Nf4 Nxf4 30.Rxf4 Qc8 31.Qg3 Nxa4 32.Rf2 Rxe3 33.Qxe3 Qg4+ 34.Qg3 Qxd1+ 35.
Rf1 Qd2 36.Bc1 Qxd4+ 37.Kh1 Nc3 38.Bd3 Ne4 39.Qf3 a5 40.Qe2 a4 41.Be3 Qe5 
42.Bf4 Qe6 43.Kg2 Nc5 44.Qxe6 Nxe6 45.Be5 Nxg5 46.h4 Ne4 47.h5 a3 48.hxg6 
hxg6 49.Bc2 b3 0-1

[Event "26th EUR-ch"]
[Site "Katowice POL"]
[Date "2026.04.19"]
[Round "11.24"]
[White "Zlatkov, Anton"]
[Black "Andersen, Mads"]
[Result "1-0"]
[WhiteElo "2299"]
[BlackElo "2562"]
[EventDate "2026.04.07"]
[PlyCount "85"]

1.e4 e5 2.Nf3 Nc6 3.Bc4 Nf6 4.d3 h6 5.c3 d6 6.a4 g5 7.O-O Bg7 8.a5 a6 9.
Nbd2 Qe7 10.h3 g4 11.hxg4 Nxg4 12.Re1 h5 13.Nf1 Bf6 14.b4 Bd7 15.d4 h4 16.
d5 Na7 17.Be2 Rg8 18.c4 Qf8 19.N3h2 Nxh2 20.Kxh2 Qg7 21.Bf3 Bg5 22.Bxg5 
Qxg5 23.Ne3 Nc8 24.Rc1 Ne7 25.c5 Rc8 26.Nc4 Qh6 27.cxd6 cxd6 28.Nb6 Qf4+ 
29.Kh1 Rxc1 30.Qxc1 Qxc1 31.Rxc1 Kd8 32.Nxd7 Kxd7 33.Kh2 Rb8 34.Bg4+ Kd8 
35.Kh3 b6 36.Kxh4 bxa5 37.bxa5 Rb2 38.f3 f6 39.Bh3 Ke8 40.Rc7 Ra2 41.Kh5 
Rxa5 42.Kh6 f5 43.Bxf5 1-0

[Event "26th EUR-ch"]
[Site "Katowice POL"]
[Date "2026.04.19"]
[Round "11.25"]
[White "Sargsian, Shant"]
[Black "Ioannidis, Evgenios"]
[Result "1-0"]
[WhiteElo "2647"]
[BlackElo "2487"]
[EventDate "2026.04.07"]
[PlyCount "115"]

1.e4 e5 2.Nf3 Nc6 3.Bc4 Nf6 4.d3 Bc5 5.O-O d6 6.c3 h6 7.Re1 O-O 8.Nbd2 Bb6
9.a4 a5 10.h3 Ne7 11.d4 Nc6 12.dxe5 Nxe5 13.Bf1 Re8 14.Nxe5 Rxe5 15.Bd3 d5
16.Nf3 Re8 17.e5 Ne4 18.Be3 c6 19.Qc2 Bf5 20.Rad1 Bg6 21.c4 Bxe3 22.Rxe3 
Qb6 23.Qe2 Rad8 24.Bb1 Qb4 25.cxd5 Rxd5 26.Re1 Nd2 27.Ba2 Nxf3+ 28.Qxf3 
Rd3 29.e6 f6 30.Qg4 Qxg4 31.hxg4 Rd4 32.e7+ Bf7 33.Bb1 g6 34.f3 Rxa4 35.
Rd3 Rb4 36.Re2 c5 37.Rd7 Kg7 38.Be4 Bc4 39.Rc2 Be6 40.Rc7 f5 41.gxf5 gxf5 
42.Bxb7 Kf6 43.Ba6 Rb6 44.Bd3 Rb3 45.Bf1 Rxe7 46.Rc6 Kf7 47.R2xc5 Rxb2 48.
Rxa5 h5 49.Raa6 Rb4 50.Bd3 f4 51.Kh2 h4 52.Bf5 Bxf5 53.Rf6+ Kg7 54.Rxf5 
Re1 55.Rc5 Rb7 56.Rg5+ Kf8 57.Rf5+ Rf7 58.Raf6 1-0

[Event "26th EUR-ch"]
[Site "Katowice POL"]
[Date "2026.04.19"]
[Round "11.26"]
[White "Sargissian, Gabriel"]
[Black "Ahmad, Khagan"]
[Result "1-0"]
[WhiteElo "2618"]
[BlackElo "2483"]
[EventDate "2026.04.07"]
[PlyCount "119"]

1.Nf3 c5 2.c4 Nc6 3.Nc3 g6 4.e3 Nf6 5.d4 cxd4 6.exd4 d5 7.cxd5 Nxd5 8.Qb3 
Nxc3 9.Bc4 e6 10.bxc3 Bg7 11.Ba3 Na5 12.Bb5+ Bd7 13.Qb4 b6 14.Ne5 Bxe5 15.
dxe5 Bxb5 16.Qxb5+ Qd7 17.Qxd7+ Kxd7 18.O-O-O+ Kc7 19.Bd6+ Kc6 20.Rd4 Rad8
21.Rhd1 b5 22.Kc2 Nc4 23.a4 a6 24.Rxc4+ bxc4 25.Rd4 Rd7 26.Rxc4+ Kb7 27.
Rb4+ Ka8 28.Rb6 Rc8 29.Rxa6+ Ra7 30.Rxa7+ Kxa7 31.Kb3 Kb6 32.Kb4 Kc6 33.a5
g5 34.Bc5 Ra8 35.Bb6 h5 36.c4 g4 37.Kc3 Kb7 38.Kd4 Rc8 39.c5 Rg8 40.Kc4 
Rg5 41.Kb5 Rxe5 42.a6+ Ka8 43.g3 f6 44.Kc6 Rd5 45.Kc7 f5 46.c6 e5 47.Be3 
Rd3 48.Kb6 Rb3+ 49.Kc5 Kb8 50.Kd6 Rd3+ 51.Kxe5 Kc7 52.a7 Rd8 53.Kxf5 Rg8 
54.Kf6 Kxc6 55.Kf7 Rh8 56.Kg7 Re8 57.Kg6 h4 58.gxh4 Kd7 59.Kf5 Ke7 60.Bf4 
1-0

[Event "26th EUR-ch"]
[Site "Katowice POL"]
[Date "2026.04.19"]
[Round "11.27"]
[White "Tudor, Henry Edward"]
[Black "Samunenkov, Ihor"]
[Result "0-1"]
[WhiteElo "2457"]
[BlackElo "2596"]
[EventDate "2026.04.07"]
[PlyCount "96"]

1.e4 c6 2.d4 d5 3.exd5 cxd5 4.Bd3 Nc6 5.c3 Nf6 6.h3 g6 7.Nf3 Bf5 8.Bb5 Bg7
9.O-O Qc7 10.Re1 O-O 11.Be3 Qb6 12.Qb3 Na5 13.Qb4 a6 14.Bf1 Qxb4 15.cxb4 
Nc4 16.Bxc4 dxc4 17.Nc3 h6 18.a3 Rfd8 19.Bf4 Be6 20.Bc7 Rd7 21.Be5 b6 22.
Rad1 Nd5 23.Bxg7 Kxg7 24.Ne5 Rc7 25.Kh2 Rd8 26.Rd2 g5 27.g3 Bc8 28.Rc1 Bb7
29.Ne2 b5 30.Nc3 Nxc3 31.Rxc3 h5 32.f4 g4 33.hxg4 f6 34.Nf3 hxg4 35.Nh4 
Be4 36.f5 Bd3 37.Rc1 Rxd4 38.Re1 Kf7 39.Re3 Rcd7 40.Kg1 Be4 41.Rde2 Rd1+ 
42.Re1 Rxe1+ 43.Rxe1 Bd3 44.Re3 Rd5 45.Ng6 Bxf5 46.Nxe7 Rd1+ 47.Kf2 Bd7 
48.Re2 Rd6 0-1

[Event "26th EUR-ch"]
[Site "Katowice POL"]
[Date "2026.04.19"]
[Round "11.29"]
[White "Kourkoulos-Arditis, Stamatis"]
[Black "Quparadze, Giga"]
[Result "1-0"]
[WhiteElo "2583"]
[BlackElo "2484"]
[EventDate "2026.04.07"]
[PlyCount "111"]

1.Nf3 Nf6 2.c4 e6 3.g3 d5 4.Bg2 Be7 5.O-O O-O 6.d4 dxc4 7.Qc2 a6 8.a4 Bd7 
9.Qxc4 Bc6 10.Bg5 Nbd7 11.Rd1 a5 12.Nc3 h6 13.Bxf6 Nxf6 14.e3 Bxf3 15.Bxf3
c6 16.h4 Ra6 17.b3 Rb6 18.Rab1 Qb8 19.Ne2 Rd8 20.Kg2 Nd5 21.h5 c5 22.dxc5 
Rc6 23.Bxd5 Rxc5 24.Qf4 Qxf4 25.Nxf4 exd5 26.Rbc1 Rxc1 27.Rxc1 d4 28.exd4 
Rxd4 29.Rc7 Bg5 30.Rxb7 Bxf4 31.gxf4 g6 32.hxg6 fxg6 33.Kf3 h5 34.Kg3 Rd1 
35.Rb5 Rg1+ 36.Kh3 Rh1+ 37.Kg2 Rb1 38.f5 g5 39.f6 g4 40.Rxa5 Rxb3 41.Rxh5 
Kf7 42.Rb5 Ra3 43.Rb4 Kxf6 44.Rxg4 Ke5 45.f3 Ra1 46.Re4+ Kf5 47.Kf2 Ra2+ 
48.Kg3 Ra1 49.Rb4 Rg1+ 50.Kf2 Ra1 51.f4 Ra3 52.Rd4 Rc3 53.Ke2 Rg3 54.Kd2 
Rf3 55.Kc2 Rh3 56.Kb2 1-0

[Event "26th EUR-ch"]
[Site "Katowice POL"]
[Date "2026.04.19"]
[Round "11.30"]
[White "Ohanian, Emin"]
[Black "Yilmaz, Mustafa"]
[Result "1-0"]
[WhiteElo "2481"]
[BlackElo "2582"]
[EventDate "2026.04.07"]
[PlyCount "77"]

1.e4 c5 2.Nc3 d6 3.d4 cxd4 4.Qxd4 Nc6 5.Qd2 g6 6.b3 Bh6 7.f4 Nf6 8.Bb2 e5 
9.g3 O-O 10.O-O-O Re8 11.Bg2 Bg4 12.Bf3 Nd4 13.Bxg4 Nxg4 14.Nge2 Bg7 15.
Nxd4 exd4 16.Nd5 Rxe4 17.Rhe1 Ne3 18.Nxe3 dxe3 19.Rxe3 Rxe3 20.Qxe3 Bxb2+ 
21.Kxb2 Qf6+ 22.c3 Kf8 23.Re1 Rc8 24.g4 h6 25.g5 hxg5 26.fxg5 Qf5 27.h4 
Qc5 28.Qe7+ Kg8 29.Qf6 Qd5 30.Re2 Qh1 31.Rf2 Rf8 32.Qxd6 Qxh4 33.Rh2 Qxg5 
34.Qd4 f6 35.Qd7 Rf7 36.Qc8+ Rf8 37.Qxb7 Rf7 38.Qc8+ Rf8 39.Qh3 1-0

[Event "26th EUR-ch"]
[Site "Katowice POL"]
[Date "2026.04.19"]
[Round "11.31"]
[White "Can, Isik"]
[Black "Pantsulaia, Levan"]
[Result "0-1"]
[WhiteElo "2563"]
[BlackElo "2472"]
[EventDate "2026.04.07"]
[PlyCount "58"]

1.e4 c6 2.d4 d5 3.e5 Bf5 4.c4 e6 5.Nc3 Ne7 6.Nge2 dxc4 7.Ng3 Nd7 8.Bxc4 
Qb6 9.O-O Rd8 10.Re1 Bg6 11.Bg5 h6 12.Bh4 Nxe5 13.Rxe5 Rxd4 14.Qe2 Rxh4 
15.Bxe6 fxe6 16.Rxe6 Kf7 17.Rd1 Rd4 18.Re1 Qd8 19.Nce4 Kg8 20.Qg4 Kh7 21.
f4 Rxe4 22.Nxe4 Qd4+ 23.Kh1 Bf5 24.Qh5 Bxe6 25.Ng5+ Kg8 26.Nxe6 Qf6 27.Qe8
Nd5 28.g4 Qf7 29.Qc8 Nxf4 0-1